Fresno State Football: Top 10 All-Time Leaders - Statistics

General Stats
  • This quiz has been taken 6 times
  • The average score is 18 of 62
Answer Stats
Category # Player Amount % Correct
Passing Yards 6 David Carr 7,849
100%
Passing Yards 1 Derek Carr 12,842
100%
Receiving Yards 3 Davante Adams 3,030
80%
Passing Yards 4 Jake Haener 9,013
60%
Sacks T7 Alan Harper 21.0
40%
Tackles 3 Ben Jacobs 387
40%
Receiving Yards 1 Charlie Jones 3,344
40%
Receiving Yards 9 Isaiah Burse 2,503
40%
Receiving Yards 8 Jalen Moreno-Cropper 2,708
40%
Receiving Yards 6 Josh Harper 2,938
40%
Rushing Yards 10 Lorenzo Neal 2,405
40%
Passing Yards 10 Marcus McMaryion 6,355
40%
Interceptions T5 Mike Freeman 15
40%
Rushing Yards 3 Ronnie Rivers 3,417
40%
Rushing Yards 2 Ron Rivers 3,473
40%
Rushing Yards 5 Ryan Mathews 3,280
40%
Passing Yards 7 Trent Dilfer 7,631
40%
Tackles 5 A.J. Gass 325
20%
Receiving Yards 7 Bernard Berrian 2,849
20%
Passing Yards 9 Billy Volek 6,532
20%
Receiving Yards 4 Brian Roberson 2,956
20%
Tackles 4 Bryce McGill 326
20%
Interceptions T9 Cam Lockridge 11
20%
Interceptions T5 Carl Ray Harris 15
20%
Receiving Yards 10 Charles Smith 2,368
20%
Sacks T9 Chris Carter 19.5
20%
Interceptions T2 Dave Plump 16
20%
Sacks 6 David Perales 23.0
20%
Rushing Yards 9 Dean Philpott 2,533
20%
Tackles 7 Derron Smith 304
20%
Interceptions T5 Derron Smith 15
20%
Rushing Yards 8 Dwayne Wright 2,683
20%
Sacks T7 Ejiro Ederaine 21.0
20%
Sacks T3 Garrett McIntyre 25.0
20%
Receiving Yards 5 Henry Ellard 2,947
20%
Interceptions T2 Jack Erdman 16
20%
Interceptions T9 James Burton 11
20%
Sacks 2 Jethro Franklin 31.5
20%
Interceptions T2 Jim Sanderson 16
20%
Rushing Yards 4 Jordan Mims 3,288
20%
Passing Yards 2 Kevin Sweeney 10,808
20%
Tackles 6 Malachi Langley 323
20%
Passing Yards 5 Mark Barsotti 8,093
20%
Tackles 9 Marquez Pope 290
20%
Interceptions T9 Marquez Pope 11
20%
Rushing Yards 6 Marteze Waller 3,108
20%
Interceptions T9 Matt McKnight 11
20%
Rushing Yards 7 Michael Pittman 3,017
20%
Sacks T3 Nick Burley 25.0
20%
Tackles 1 Omar Stoutmire 458
20%
Passing Yards 3 Paul Pinegar 10,136
20%
Interceptions 8 Phillip Thomas 13
20%
Rushing Yards 1 Robbie Rouse 4,647
20%
Receiving Yards 2 Rodney Wright 3,274
20%
Interceptions 1 Rod Webster 17
20%
Sacks 1 Ron Cox 50.0
20%
Tackles 2 Tim Skipper 418
20%
Passing Yards 8 Tom Brandstater 6,857
20%
Sacks 5 Tyler Clutts 23.5
20%
Tackles 10 Vernon Fox 289
20%
Tackles 8 Zack Rix 295
20%
Sacks T9 Zack Rix 19.5
20%
No matching quizzes found
Score Distribution
Percent of People with Each Score
Percentile by Number Answered
Your Score History
You have not taken this quiz